00305 a2200133 4500001000700000020001800007040001100025100003600036240004000072245003500112300000700147362000900154440000800163183399 a85-322-0325-6 cMagnum aGastelois, Maria Magdalena Lana10aSapo cururinho da beira do riolpor10aSapo cururinho da beira do rio a240 a1990 1aFTD